Účtovanie dobierky v roku 2014
Účtovanie dobierky v podvojnom účtovníctve u kupujúceho. Postup účtovania u predávajúceho. Účtovanie dobierky v jednoduchom úrtovníctve - u kupujúceho a u predávajúceho.
Gespeichert in:
| 1. Verfasser: | |
|---|---|
| Format: | Buchkapitel |
| Sprache: | Slowakisch |
| Schlagworte: | |
| Tags: |
Keine Tags, Fügen Sie das erste Tag hinzu!
|
MARC
| LEADER | 00000naa a2200000 4500 | ||
|---|---|---|---|
| 001 | 0213871 | ||
| 005 | 20240502073554.4 | ||
| 041 | 0 | |a slo | |
| 044 | |a SK | ||
| 245 | 1 | 0 | |a Účtovanie dobierky v roku 2014 |c Zuzana Kubaščíková |
| 520 | |a Účtovanie dobierky v podvojnom účtovníctve u kupujúceho. Postup účtovania u predávajúceho. Účtovanie dobierky v jednoduchom úrtovníctve - u kupujúceho a u predávajúceho. | ||
| 610 | 2 | 0 | |a účtovníctvo jednoduché |
| 610 | 2 | 0 | |a účtovníctvo podvojné |
| 610 | 2 | 0 | |a tovar |
| 610 | 2 | 0 | |a zásoby |
| 610 | 2 | 0 | |a nákup |
| 610 | 2 | 0 | |a predaj |
| 100 | 1 | |a Kubaščíková, Zuzana, 1982- | |